[Event "DVM U16w 2021"]
[Site "Berlin GER"]
[Date "2022.05.03"]
[Round "7"]
[White "Halas, Neele Zoe"]
[Black "Neininger, Sarah"]
[Result "1/2-1/2"]
[Termination "normal"]
[Board "5.2"]
[WhiteElo "1422"]
[BlackElo "1404"]
[WhiteClock "00:46:23"]
[BlackClock "00:19:44"]
[WhiteTeam "Schachgemeinschaft Leipzig"]
[BlackTeam "VSG 1880 Offenbach"]
[PlyCount "46"]
[WhiteFideId "16287282"]
[BlackFideId "16287410"]
[EventCountry "GER"]
[EventRounds "7"]
[EventType "team-swiss"]
[EventDate "2022.04.29"]

1. e4 {[%clk 1:30:59]} e5 {[%clk 1:30:54]} 2. Nf3 {[%clk 1:31:22]} Nf6 {[%clk
1:31:18]} 3. Nxe5 {[%clk 1:31:34]} d6 {[%clk 1:31:40]} 4. Nf3 {[%clk 1:31:53]}
Nxe4 {[%clk 1:32:03]} 5. d3 {[%clk 1:32:13]} Nf6 {[%clk 1:32:22]} 6. Be2 {[%clk
1:32:18]} Be7 {[%clk 1:32:40]} 7. O-O {[%clk 1:32:28]} O-O {[%clk 1:32:54]} 8.
h3 {[%clk 1:31:14]} Nc6 {[%clk 1:30:40]} 9. Nc3 {[%clk 1:30:40]} h6 {[%clk
1:28:54]} 10. Be3 {[%clk 1:27:43]} d5 {[%clk 1:27:52]} 11. d4 {[%clk 1:27:02]}
Bf5 {[%clk 1:25:29]} 12. Ne5 {[%clk 1:13:15]} Ne4 {[%clk 1:06:40]} 13. Nxc6
{[%clk 1:06:52]} bxc6 {[%clk 1:07:00]} 14. Nxe4 {[%clk 1:05:27]} Bxe4 {[%clk
1:07:22]} 15. Bd3 {[%clk 1:05:38]} Bxd3 {[%clk 1:06:11]} 16. Qxd3 {[%clk
1:06:02]} Rb8 {[%clk 1:06:27]} 17. b3 {[%clk 1:05:14]} Qd7 {[%clk 1:02:15]} 18.
Rae1 {[%clk 1:00:00]} Rfe8 {[%clk 0:47:07]} 19. Re2 {[%clk 0:57:15]} Bd6 {[%clk
0:40:50]} 20. Rfe1 {[%clk 0:54:51]} Re4 {[%clk 0:32:35]} 21. f3 {[%clk
0:53:23]} Re6 {[%clk 0:30:50]} 22. Bf2 {[%clk 0:51:44]} Rg6 {[%clk 0:23:48]}
23. Kh1 {[%clk 0:46:23]} Bb4 {[%clk 0:19:44]} 1/2-1/2

[Event "DVM U16w 2021"]
[Site "Berlin GER"]
[Date "2022.05.03"]
[Round "7"]
[White "Wagner, Lea"]
[Black "Amelang, Jamie Alice"]
[Result "1/2-1/2"]
[Termination "normal"]
[Board "5.3"]
[WhiteElo "757"]
[BlackElo "1080"]
[WhiteClock "00:03:32"]
[BlackClock "00:33:42"]
[WhiteTeam "VSG 1880 Offenbach"]
[BlackTeam "Schachgemeinschaft Leipzig"]
[PlyCount "90"]
[WhiteFideId "34620680"]
[BlackFideId "34605754"]
[EventCountry "GER"]
[EventRounds "7"]
[EventType "team-swiss"]
[EventDate "2022.04.29"]

1. e4 {[%clk 1:30:57]} e5 {[%clk 1:30:55]} 2. Nf3 {[%clk 1:31:16]} Nc6 {[%clk
1:31:15]} 3. d4 {[%clk 1:31:37]} Nf6 {[%clk 1:29:27]} 4. Nxe5 {[%clk 1:30:00]}
Nxe4 {[%clk 1:25:10]} 5. Nxc6 {[%clk 1:27:39]} dxc6 {[%clk 1:24:35]} 6. c4
{[%clk 1:22:31]} Nf6 {[%clk 1:23:18]} 7. Be2 {[%clk 1:20:10]} Be7 {[%clk
1:23:32]} 8. O-O {[%clk 1:19:59]} O-O {[%clk 1:23:27]} 9. h3 {[%clk 1:20:00]}
h6 {[%clk 1:23:03]} 10. Be3 {[%clk 1:14:22]} b6 {[%clk 1:21:53]} 11. Bf3 {[%clk
1:10:45]} Bb7 {[%clk 1:15:44]} 12. Nc3 {[%clk 1:08:06]} Rb8 {[%clk 1:13:31]}
13. d5 {[%clk 1:04:57]} Qd7 {[%clk 1:09:06]} 14. Qd3 {[%clk 0:54:57]} Rbd8
{[%clk 1:05:16]} 15. Rad1 {[%clk 0:52:02]} c5 {[%clk 1:03:50]} 16. Rfe1 {[%clk
0:46:18]} Rfe8 {[%clk 1:02:01]} 17. b3 {[%clk 0:43:01]} Qd6 {[%clk 0:59:45]}
18. Nb5 {[%clk 0:39:40]} Qe5 {[%clk 0:58:41]} 19. d6 {[%clk 0:37:38]} Bxd6
{[%clk 0:57:38]} 20. Bxb7 {[%clk 0:36:05]} Qh2+ {[%clk 0:57:45]} 21. Kf1 {[%clk
0:36:16]} Qh1+ {[%clk 0:58:11]} 22. Ke2 {[%clk 0:36:10]} Qh2 {[%clk 0:55:26]}
23. Nxd6 {[%clk 0:34:35]} Rxd6 {[%clk 0:55:05]} 24. Qc3 {[%clk 0:32:04]} Ne4
{[%clk 0:47:05]} 25. Bxe4 {[%clk 0:29:55]} Rxe4 {[%clk 0:47:04]} 26. Rxd6
{[%clk 0:27:47]} cxd6 {[%clk 0:47:20]} 27. Rd1 {[%clk 0:26:53]} Qxg2 {[%clk
0:45:43]} 28. Rxd6 {[%clk 0:26:45]} Qxh3 {[%clk 0:45:42]} 29. Rd8+ {[%clk
0:24:34]} Kh7 30. Qd3 {[%clk 0:24:12]} Qg4+ {[%clk 0:43:03]} 31. Kd2 {[%clk
0:21:36]} g6 {[%clk 0:42:02]} 32. Qc3 {[%clk 0:20:32]} Rd4+ {[%clk 0:39:54]}
33. Bxd4 {[%clk 0:19:54]} Qg5+ {[%clk 0:39:58]} 34. Kc2 {[%clk 0:16:57]} Qxd8
{[%clk 0:40:21]} 35. Be3 {[%clk 0:15:45]} h5 {[%clk 0:39:22]} 36. Qe5 {[%clk
0:14:07]} f6 {[%clk 0:38:43]} 37. Qf4 {[%clk 0:14:04]} g5 {[%clk 0:38:42]} 38.
Qf5+ {[%clk 0:14:18]} Kg7 {[%clk 0:38:13]} 39. f4 {[%clk 0:13:53]} Qe8 {[%clk
0:36:38]} 40. Bd2 {[%clk 0:13:34]} gxf4 {[%clk 0:36:02]} 41. Qxf4 {[%clk
0:12:36]} Qg6+ {[%clk 0:36:18]} 42. Kc3 {[%clk 0:11:35]} f5 {[%clk 0:36:03]}
43. Qc7+ {[%clk 0:06:49]} Kg8 {[%clk 0:34:07]} 44. Qd8+ {[%clk 0:05:30]} Kf7
{[%clk 0:33:42]} 45. Bg5 {[%clk 0:03:32]} Qg7+ 1/2-1/2

[Event "DVM U16w 2021"]
[Site "Berlin GER"]
[Date "2022.05.03"]
[Round "7"]
[White "Trunz, Michelle"]
[Black "Zöllner, Bente"]
[Result "1/2-1/2"]
[Termination "normal"]
[Board "6.1"]
[WhiteElo "1708"]
[BlackElo "1557"]
[WhiteClock "00:44:10"]
[BlackClock "00:56:16"]
[WhiteTeam "Schachgemeinschaft Porz e. V. 2"]
[BlackTeam "SC Papenburg"]
[PlyCount "76"]
[WhiteFideId "16227980"]
[BlackFideId "16230523"]
[EventCountry "GER"]
[EventRounds "7"]
[EventType "team-swiss"]
[EventDate "2022.04.29"]

1. d4 {[%clk 1:30:57]} Nf6 {[%clk 1:30:53]} 2. c4 {[%clk 1:31:21]} c5 {[%clk
1:31:18]} 3. d5 {[%clk 1:31:46]} b5 {[%clk 1:31:44]} 4. cxb5 {[%clk 1:32:10]}
a6 {[%clk 1:32:09]} 5. bxa6 {[%clk 1:32:36]} Bxa6 {[%clk 1:32:32]} 6. Nc3
{[%clk 1:32:56]} g6 {[%clk 1:32:52]} 7. e4 {[%clk 1:33:13]} Bxf1 {[%clk
1:33:14]} 8. Kxf1 {[%clk 1:33:38]} d6 {[%clk 1:33:38]} 9. Nf3 {[%clk 1:32:51]}
Bg7 {[%clk 1:33:52]} 10. h3 {[%clk 1:32:25]} Nbd7 {[%clk 1:34:03]} 11. Kg1
{[%clk 1:32:26]} Qb6 {[%clk 1:32:55]} 12. Kh2 {[%clk 1:32:16]} O-O {[%clk
1:32:36]} 13. Re1 {[%clk 1:32:15]} Rfb8 {[%clk 1:31:30]} 14. Re2 {[%clk
1:32:01]} Rb7 {[%clk 1:29:15]} 15. Rc2 {[%clk 1:31:11]} Ne8 {[%clk 1:22:16]}
16. Qe2 {[%clk 1:29:55]} Nc7 {[%clk 1:20:55]} 17. Bg5 {[%clk 1:20:09]} Kf8
{[%clk 1:19:09]} 18. Re1 {[%clk 1:15:02]} Nb5 {[%clk 1:17:31]} 19. Nxb5 {[%clk
1:14:54]} Qxb5 {[%clk 1:17:50]} 20. Qxb5 {[%clk 1:14:53]} Rxb5 {[%clk 1:18:10]}
21. b3 {[%clk 1:15:06]} h6 {[%clk 1:15:58]} 22. Bc1 {[%clk 1:12:43]} g5 {[%clk
1:14:47]} 23. Ree2 {[%clk 1:12:02]} Ne5 {[%clk 1:13:35]} 24. Nxe5 {[%clk
1:12:08]} Bxe5+ {[%clk 1:13:59]} 25. g3 {[%clk 1:12:24]} Rb7 {[%clk 1:12:37]}
26. Kg2 {[%clk 1:10:54]} Rba7 {[%clk 1:10:52]} 27. h4 {[%clk 1:08:27]} f6
{[%clk 1:05:10]} 28. Be3 {[%clk 1:06:16]} Ra3 {[%clk 1:02:11]} 29. f4 {[%clk
1:02:03]} gxf4 {[%clk 1:02:26]} 30. gxf4 {[%clk 1:02:01]} Ba1 {[%clk 1:02:32]}
31. Kf3 {[%clk 1:01:29]} h5 {[%clk 1:00:49]} 32. Rg2 {[%clk 1:01:13]} Kf7
{[%clk 1:00:59]} 33. f5 {[%clk 0:52:33]} Be5 {[%clk 0:59:06]} 34. Bh6 {[%clk
0:51:22]} Ke8 {[%clk 0:57:38]} 35. Rg8+ {[%clk 0:50:49]} Kd7 {[%clk 0:57:58]}
36. Rxa8 {[%clk 0:51:08]} Rxa8 {[%clk 0:58:23]} 37. Rg2 {[%clk 0:50:29]} Bd4
{[%clk 0:56:52]} 38. Be3 {[%clk 0:44:10]} Be5 {[%clk 0:56:16]} 1/2-1/2

[Event "DVM U16w 2021"]
[Site "Berlin GER"]
[Date "2022.05.03"]
[Round "7"]
[White "Gröschel, Karoline"]
[Black "Racky, Selina"]
[Result "1-0"]
[Termination "normal"]
[Board "7.1"]
[WhiteElo "1645"]
[BlackElo "1409"]
[WhiteTeam "SK Landau"]
[BlackTeam "SC Borussia Lichtenberg"]
[PlyCount "81"]
[WhiteFideId "34610537"]
[BlackFideId "16239440"]
[EventCountry "GER"]
[EventRounds "7"]
[EventType "team-swiss"]
[EventDate "2022.04.29"]

1. e4 e5 2. Nf3 Nc6 3. Bb5 a6 4. Ba4 Bc5 5. c3 b5 6. Bb3 Nf6 7. d4 exd4 8. e5
Ng8 9. cxd4 Bb4+ 10. Nc3 Nge7 11. Ng5 Rf8 12. Nxh7 Na5 13. Nxf8 Nxb3 14. Qxb3
Bxc3+ 15. bxc3 Kxf8 16. O-O Ng6 17. Qd5 Rb8 18. Qe4 Rb6 19. Ba3+ Kg8 20. d5 Qe8
21. Rae1 c6 22. Qd4 Rb7 23. d6 Qe6 24. Re2 Qf5 25. f4 a5 26. h3 Nf8 27. g4 Qh7
28. Kg2 Ne6 29. Qe4 Qh4 30. f5 Ng5 31. Qe3 b4 32. Bc1 Nh7 33. Rb2 Qd8 34. cxb4
axb4 35. Qc5 Rb5 36. Qe3 Qa5 37. Rd1 Rxe5 38. Qb3 Rb5 39. Re1 Qd8 40. Re7 Qf8
41. Rbe2 1-0

[Event "DVM U16w 2021"]
[Site "Berlin GER"]
[Date "2022.05.03"]
[Round "7"]
[White "Berghold, Lotta"]
[Black "Sarian, Gaya"]
[Result "1-0"]
[Termination "normal"]
[Board "7.2"]
[WhiteElo "1482"]
[BlackElo "1154"]
[WhiteTeam "SC Borussia Lichtenberg"]
[BlackTeam "SK Landau"]
[PlyCount "71"]
[WhiteFideId "16243463"]
[BlackFideId "16266161"]
[EventCountry "GER"]
[EventRounds "7"]
[EventType "team-swiss"]
[EventDate "2022.04.29"]

1. d4 d5 2. Nf3 Nf6 3. e3 e6 4. Bd3 c5 5. c3 Nc6 6. Nbd2 Bd6 7. O-O O-O 8. dxc5
Bxc5 9. e4 b6 10. exd5 Nxd5 11. Ne4 Be7 12. Qe2 h6 13. Ng3 Nf6 14. Ne4 Nh7 15.
Bf4 Bb7 16. Rad1 Qc8 17. Bd6 f5 18. Bxe7 Nxe7 19. Nd6 Qd7 20. Nxb7 Qxb7 21.
Qxe6+ Kh8 22. Rfe1 Rae8 23. Bb5 Rf6 24. Qd7 Qxd7 25. Rxd7 Rf7 26. Rxa7 Rd8 27.
Raxe7 Rxe7 28. Rxe7 Rd1+ 29. Re1 Rxe1+ 30. Nxe1 Nf6 31. Kf1 Ne4 32. Ke2 g5 33.
f3 Nd6 34. Bc6 Kg7 35. Kd3 Kf6 36. Kd4 1-0

[Event "DVM U16w 2021"]
[Site "Berlin GER"]
[Date "2022.05.03"]
[Round "7"]
[White "Steinlechner, Katja"]
[Black "Dominick, Johanna"]
[Result "1-0"]
[Termination "normal"]
[Board "7.3"]
[WhiteElo "1317"]
[BlackElo "1043"]
[WhiteTeam "SK Landau"]
[BlackTeam "SC Borussia Lichtenberg"]
[PlyCount "135"]
[WhiteFideId "16265173"]
[BlackFideId "16296532"]
[EventCountry "GER"]
[EventRounds "7"]
[EventType "team-swiss"]
[EventDate "2022.04.29"]

1. d4 d6 2. Bf4 Nf6 3. Nc3 g6 4. e4 Bg7 5. Nf3 O-O 6. Qd2 Nc6 7. O-O-O Be6 8.
d5 Bd7 9. dxc6 Bxc6 10. Bd3 e5 11. Bh6 Ng4 12. Bxg7 Kxg7 13. h4 h5 14. Rdf1 Qf6
15. Qg5 Qf4+ 16. Qxf4 exf4 17. Nh2 Ne5 18. f3 Nxd3+ 19. cxd3 Bb5 20. Nxb5 c6
21. Nd4 a6 22. Ne2 Rfe8 23. Nxf4 Re5 24. d4 Rb5 25. a3 Re8 26. Rd1 d5 27. Rhe1
dxe4 28. fxe4 Rb6 29. g4 hxg4 30. Nxg4 a5 31. Ne5 Ra6 32. Rg1 c5 33. Rge1 cxd4
34. Ned3 Rc6+ 35. Kb1 Rh8 36. Rh1 f6 37. Rc1 Rxc1+ 38. Kxc1 g5 39. Ne6+ Kf7 40.
Nec5 b6 41. Nb3 gxh4 42. Kd2 h3 43. Nxd4 h2 44. Nf3 b5 45. Rxh2 Rxh2+ 46. Nxh2
Ke6 47. Kc3 f5 48. exf5+ Kxf5 49. Kd4 Ke6 50. Kc5 b4 51. axb4 axb4 52. Nxb4 Kd7
53. Na6 Kc8 54. Kc6 Kd8 55. b4 Kc8 56. b5 Kd8 57. b6 Ke7 58. b7 Kf6 59. b8=Q
Kf5 60. Qe8 Kf4 61. Kd5 Kf5 62. Qe5+ Kg6 63. Qf4 Kg7 64. Qf5 Kg8 65. Qd7 Kf8
66. Ke6 Kg8 67. Kf6 Kh8 68. Qg7# 1-0

[Event "DVM U16w 2021"]
[Site "Berlin GER"]
[Date "2022.05.03"]
[Round "7"]
[White "Symanski, Linda"]
[Black "Frowein, Katja"]
[Result "0-1"]
[Termination "normal"]
[Board "8.2"]
[WhiteElo "1090"]
[BlackElo "1385"]
[WhiteTeam "Schachfreunde Essen-Werden 1924/80 e. V."]
[BlackTeam "SC Garching 1980 e.V."]
[PlyCount "52"]
[WhiteFideId "16284534"]
[BlackFideId "16282949"]
[EventCountry "GER"]
[EventRounds "7"]
[EventType "team-swiss"]
[EventDate "2022.04.29"]

1. d4 d5 2. Nf3 e6 3. e3 Nf6 4. Bd3 Be7 5. Ne5 O-O 6. Nd2 c5 7. c3 c4 8. Bc2 b5
9. O-O Nbd7 10. f4 Bb7 11. Rf3 b4 12. Rh3 bxc3 13. bxc3 g6 14. Qe1 Nxe5 15.
fxe5 Nh5 16. Bd1 Ng7 17. Nf3 f5 18. Qg3 g5 19. Nxg5 Bxg5 20. Ba3 Rf7 21. Bh5
Nxh5 22. Rxh5 Rg7 23. Qf3 Qe8 24. Rh3 Qa4 25. Bb4 Qc2 26. Qd1 Bxe3+ 0-1

[Event "DVM U16w 2021"]
[Site "Berlin GER"]
[Date "2022.05.03"]
[Round "7"]
[White "Claussen, Daniela"]
[Black "Muhina, Liana"]
[Result "0-1"]
[Termination "normal"]
[Board "8.4"]
[WhiteElo "924"]
[BlackElo "1185"]
[WhiteTeam "Schachfreunde Essen-Werden 1924/80 e. V."]
[BlackTeam "SC Garching 1980 e.V."]
[PlyCount "44"]
[WhiteFideId "16248929"]
[BlackFideId "16266145"]
[EventCountry "GER"]
[EventRounds "7"]
[EventType "team-swiss"]
[EventDate "2022.04.29"]

1. e3 e5 2. b3 d5 3. Bb2 Nc6 4. Bb5 Bd6 5. f4 exf4 6. Bxg7 Qh4+ 7. g3 fxg3 8.
Kf1 Bh3+ 9. Nxh3 Qxh3+ 10. Ke1 Qg2 11. Bxh8 Qxh1+ 12. Ke2 Qxd1+ 13. Kxd1 gxh2
14. Na3 h1=Q+ 15. Ke2 Qg2+ 16. Kd3 Bxa3 17. c3 O-O-O 18. Kc2 Nh6 19. Bf6 Re8
20. Re1 Nf5 21. Re2 Nxe3+ 22. Kd3 Qe4# 0-1

[Event "DVM U16w 2021"]
[Site "Berlin GER"]
[Date "2022.05.03"]
[Round "7"]
[White "Ponomarev, Christina"]
[Black "Thiele, Lea-Marie"]
[Result "1-0"]
[Termination "normal"]
[Board "9.1"]
[WhiteElo "1010"]
[BlackElo "1243"]
[WhiteTeam "SV Aalen-Ellwangen e.V."]
[BlackTeam "SK Lehrte von 1919 e. V."]
[PlyCount "83"]
[WhiteFideId "16284208"]
[BlackFideId "16298616"]
[EventCountry "GER"]
[EventRounds "7"]
[EventType "team-swiss"]
[EventDate "2022.04.29"]

1. e4 e6 2. Nc3 d5 3. exd5 exd5 4. d4 Be6 5. Nf3 c5 6. Bb5+ Nc6 7. Ne5 Qb6 8.
O-O cxd4 9. Bxc6+ bxc6 10. Ne2 c5 11. Nf4 Bd6 12. Nxe6 Bxe5 13. Re1 Qxe6 14. f4
f6 15. fxe5 fxe5 16. Qh5+ g6 17. Qxe5 Qxe5 18. Rxe5+ Ne7 19. Bg5 O-O 20. Rxe7
Rf5 21. Bh6 a6 22. Rf1 Rh5 23. Bf4 Rf5 24. Bd6 Rxf1+ 25. Kxf1 Rc8 26. Rc7 Rxc7
27. Bxc7 Kf7 28. Bd6 c4 29. Ke2 Ke6 30. Bc5 Ke5 31. b3 Ke4 32. b4 h5 33. a4 Ke5
34. b5 axb5 35. axb5 Ke6 36. Bxd4 Kd6 37. c3 Ke6 38. b6 Kd6 39. Kf3 g5 40. g3
g4+ 41. Kf4 Kd7 42. Kg5 1-0